• 首页
  • 本馆介绍
  • 公告通知
  • 最新文献
  • 馆藏检索
  • 电子资源
  • 读者导购
  • 参考咨询
  • 我的图书馆
  • 登录
  • 详细信息显示
  • 放入我的书架
  • 预约/预借图书
  • 作者相关作品
  • 分类相关作品
  • 丛书相关作品
  • 出版社相关作品

书目信息

  • 表格格式
  • 工作单格式
  • 卡片格式
题名:
英国旅行Let's Go
    
 
作者: ;亲历者编辑部 编著
分册:  
出版信息: 北京   中国铁道出版社  2013.06
页数: 273页
开本: 21cm
丛书名: 旅游书架
单 册:
中图分类: K956.19
科图分类:
主题词: 旅游指南--英国 , 旅游指南
电子资源:
ISBN: 978-7-113-16307-5
000 01006oam2 2200313 450
001 006068253
005 20140612101128.37
010    @a978-7-113-16307-5@dCNY48.00
100    @a20130709d2013 em y0chiy0110 ea
101 0  @achi
102    @aCN@b110000
105    @aab z 000yy
106    @ar
200 1  @a英国旅行Let's Go@9ying guo lu^ xing Let's Go@e最新畅销版@f《亲历者》编辑部编著
205    @a3版
210    @a北京@c中国铁道出版社@d2013.06
215    @a273页@c图,地图@d21cm
225 2  @a旅游书架
225 2  @a亲历者旅行指南
330    @a本书介绍了英国10大热门旅游圈,如伦敦、牛津、剑桥、爱丁堡等等。每个旅游圈中所介绍的景点,都提供了详细的地址,电话、交通、门票、开放时间等资讯。
333    @a旅游爱好者
461  0 @12001 @a旅游书架
461  0 @12001 @a亲历者旅行指南
606 0  @a旅游指南@y英国
606 0  @a旅游指南
690    @aK956.19@v5
711 02 @a亲历者编辑部@9qin li zhe bian ji bu@4编著
801  0 @aCN@b人天书店@c20130709
905    @b549660-62@dK956.19@e299=3@f3
    
    英国旅行Let's Go:最新畅销版/《亲历者》编辑部编著.-3版.-北京:中国铁道出版社,2013.06
    273页:图,地图;21cm.-(旅游书架).-(亲历者旅行指南)
    使用对象:旅游爱好者
    
    ISBN 978-7-113-16307-5:CNY48.00
    本书介绍了英国10大热门旅游圈,如伦敦、牛津、剑桥、爱丁堡等等。每个旅游圈中所介绍的景点,都提供了详细的地址,电话、交通、门票、开放时间等资讯。
●
相关链接 在E读中查询图书 在五车中查询图书 在当当中查询图书 在豆瓣中查询图书


正题名:英国旅行Let's Go     索取号:K956.19/299=3         预约/预借

序号 登录号 条形码 馆藏地/架位号 状态 备注
1 549660   205496603   第二样本阅览室/ [索取号:K956.19/299=3] 在馆    
2 549661   205496612   密集书库-资源管理系/ [索取号:K956.19/299=3] 在馆    
3 549662   205496621   第二借阅区/ [索取号:K956.19/299=3] 在馆    
唐山师范学院图书馆 欢迎您!
大连网信软件有限公司© 版权所有